LISTE PORTUGAL POUR LA COUPE DU MONDE 2026 - Statistiques

Statistiques générales
  • Ce quiz a été pris 28 fois
  • Le résultat moyen est 12 sur 23
Statistiques - réponses
Hint NOM % Correct
DEFENSEUR PSG MENDES
86%
MILIEU PSG VITINHA
86%
DEFENSEUR MANCHESTER CITY DIAS
81%
MILIEU PSG JOAO NEVES
81%
ATTAQUANT AL NASSR RONALDO
71%
GARDIEN SPORTING SILVA
71%
DEFENSEUR BENFICA SILVA
71%
GARDIEN PORTO COSTA
67%
ATTAQUANT CHELSEA NETO
67%
GARDIEN WOLVERHAMPTON SA
67%
DEFENSEUR FC BARCELONE CANCELO
62%
ATTAQUANT AC MILAN LEAO
62%
DEFENSEUR MANCHESTER UNITED DALOT
57%
ATTAQUANT JUVENTUS CONCEICAO
52%
ATTAQUANT AL NASSR FELIX
52%
ATTAQUANT PSG RAMOS
52%
ENTRAINEUR PORTUGAL MARTINEZ
38%
DEFENSEUR SPORTING INACIO
33%
DEFENSEUR BENFICA ARAUJO
14%
MILIEU MANCHESTER CITY BERNADO SILVA
0%
MILIEU MANCHESTER UNITED BRUNO FERNADES
0%
ATTAQUANT SPORTING GONCALVES
0%
MILIEU AL HILAL NEVES RUBEN
0%
Aucun quiz correspondant
Distribution des résultats
% des personnes avec chaque résultat
Percentile par nombre de réponses
Votre historique - résultats
Vous n’avez pas pris ce quiz